Statistiken für Rückblick 2023 - Länder zuordnen (Asien & Ozeanien)

Klicken Sie hier um das Quiz zu spielen!

Allgemein

  • Dieses Quiz wurde 89 mal gespielt
    (80 seit der letzten Aktualisierung)
  • Das Durchschnittsergebnis liegt bei 9 aus 15

Antwortstatistiken

HintAntwort% Korrekt
Dieses Land überholt China als bevölkerungsreichstes Land der Welt.Indien
95%
Dieses Land erobert die Enklave Berg-Karabach und zwingt die armenische Bevölkerung zur FluchtAserbaidschan
79%
Die Strafen bei Verletzung der Kopftuch-Pflicht werden verschärft.Iran
76%
Angebliche Spionageballons aus diesem Land fliegen über US-amerikanischen Luftraum.China
74%
Mit einem Jahresgehalt von 150 Mio. Euro zieht Neymar in die Profifußballliga dieses Landes ein.Saudi-Arabien
74%
Ein Terrorangriff fordert 1.139 Tode und führt zu einem Krieg.Israel
73%
Handelsschiffe vor der Küste werden von Rebellen angegriffen.Jemen
64%
Ein Erdbeben in diesem Land tötet 50.783 Menschen im Land und 8.476 Menschen im Nachbarland. Es ist das schwerste Erdbeben seit 2010.Türkei
62%
Beim Massaker von Pazigyi werden von der Luftwaffe mindestens 130 Menschen ermordet.Myanmar
58%
Bei der UN-Klimakonferenz einigen sich die 197 teilnehmenden Länder auf einen Katastrophen-Fonds für den Ausgleich von Klimaschäden in besonders vom Klimawandel betroffenen Staaten.Vereinigte Arabische Emirate
53%
Bei der U-17-Fußball-WM wird Deutschland das erste Mal Weltmeister.Indonesien
50%
Dieses Land wird zum 6. Mal Weltmeister im Cricket.Australien
48%
Das Land erreicht mit 0,7 Kindern pro Frau die niedrigste jemals gemessene Fruchtbarkeitsrate aller Länder.Südkorea
38%
Beim Absturz einer ATR 72 am Flughafen Pokhara sterben alle 72 Insassen.Nepal
35%
Durch Zyklon Gabrielle sind rund 140.000 Menschen ohne Strom und Tausende werden obdachlos.Neuseeland
21%

Verteilung der Resultate

Perzentil nach korrekt beantworteten Fragen

Anzahl Personen mit jedem Resultat

Ihre Resultats-Entwicklung

Sie haben dieses Quiz seit der letzten Aktualisierung nicht gespielt